| 000 | 00589nam a2200217Ia 4500 | ||
|---|---|---|---|
| 008 | 200601s9999 xx 000 0 und d | ||
| 020 | _a978-1-260-09856-3 | ||
| 050 | _aComSc QA 76.5 | ||
| 050 | _b.O44 2019 | ||
| 245 | 0 | _aComputing essentials 2019 : | |
| 245 | 0 | _bmaking IT work for you / | |
| 245 | 0 | _cTimothy J. O'Leary, Linda I. O'Leary, Daniel A. O'Leary. | |
| 260 | _aNew York : | ||
| 260 | _bMcGraw-Hill, | ||
| 260 | _c2019 | ||
| 300 | _a392 pages : | ||
| 300 | _c28 cm. | ||
| 500 | _aIncludes index. | ||
| 650 | _aComputers. | ||
| 650 | _xElectronic data processing. | ||
| 999 |
_c363149 _d363149 |
||